| 000 | 00910nas a2200301 4500 | ||
|---|---|---|---|
| 001 | BR0400818 | ||
| 003 | BR-BrBNA | ||
| 005 | 20231205104405.0 | ||
| 007 | ta | ||
| 008 | 230509b bl.|||p| |||| 00| 00por d | ||
| 040 |
_aBR-BrBNA _bpor _cBiblioteca Nacional de Agricultura |
||
| 041 | _a(Pt) | ||
| 072 | _aP10; P40 | ||
| 100 | 1 | _aSilva, C.L. da | |
| 245 | 1 | _aAnálise estatística das características de vazão do córrego Capetinga | |
| 650 | _aBACIA HIDROGRÁFICA | ||
| 650 | _aHIDROMETEOROLOGIA | ||
| 650 | _aCÓRREGO | ||
| 650 | _aMEDIÇÃO | ||
| 650 | _aANÁLISE ESTATÍSTICA | ||
| 650 | _aDADO | ||
| 650 | _aCLIMA | ||
| 650 | _aSIMULAÇÃO | ||
| 650 | _aDISTRITO FEDERAL | ||
| 773 | 0 |
_tRevista Brasileira de Engenharia Agrícola e Ambiental (Brazil) _xISSN 1415-4366 _g(May-Aug 2003), v. 7(2) p. 311-317 _wBR0400818 |
|
| 909 |
_a202311 _bLúcia _c55 _dLúcia Elande |
||
| 942 |
_2AGRIS _n0 _cANA |
||
| 999 |
_c177910 _d177910 |
||